[Event "Open de la Loire 2012-2013"]
[Site "Loire"]
[Date "2013.02.16"]
[Round "7.2"]
[White "Bastien, Daniel"]
[Black "Megnot, Philippe"]
[Result "1/2-1/2"]
[WhiteElo "1760"]
[BlackElo "1550"]
[PlyCount "89"]
[EventDate "2013.??.??"]

1. c4 d5 2. cxd5 Nf6 3. Nf3 Nxd5 4. g3 e6 5. Bg2 Nc6 6. O-O Be7 7. a3 O-O 8.
Nc3 Bf6 9. Rb1 Re8 10. Ne4 Be7 11. d3 Bd7 12. Bd2 h6 13. Nc3 Nf6 14. Qc1 Bc5
15. Be3 Bb6 16. Bxb6 cxb6 17. Nd2 Rc8 18. Qd1 a6 19. Nde4 Nxe4 20. Nxe4 Qe7 21.
Qd2 Nd4 22. Nc3 Bc6 23. e3 Bxg2 24. Kxg2 Nf5 25. Ne2 Rc7 26. Rbc1 Rec8 27. Rxc7
Rxc7 28. Rc1 Nd6 29. f3 e5 30. Nc3 Qe6 31. Ne2 Qc8 32. Rxc7 Qxc7 33. d4 f6 34.
dxe5 fxe5 35. Qd5+ Nf7 36. Nc3 Kh8 37. e4 b5 38. Qd3 Qd6 39. Nd5 Ng5 40. Qc3
Ne6 41. Qc8+ Kh7 42. Qc3 Nd4 43. Ne3 Qc6 44. Nd1 Qxc3 45. Nxc3 1/2-1/2

[Event "Open de la Loire 2012-2013"]
[Site "Loire"]
[Date "2013.02.16"]
[Round "7.3"]
[White "Rasle, Jean-Michel"]
[Black "Trottet, Francois"]
[Result "0-1"]
[WhiteElo "1660"]
[BlackElo "1470"]
[PlyCount "58"]
[EventDate "2013.??.??"]

1. d4 Nf6 2. c4 e6 3. Nc3 d5 4. cxd5 exd5 5. Bg5 c5 6. Nf3 Be6 7. e3 a6 8. Rc1
c4 9. Be2 Bb4 10. O-O Bxc3 11. Rxc3 O-O 12. Nd2 h6 13. Bh4 g5 14. Bg3 Nc6 15.
f4 Ne4 16. Nxe4 dxe4 17. fxg5 Qxg5 18. Bf4 Qg7 19. d5 Bh3 20. Bg3 Bxg2 21. Kxg2
Rad8 22. Bxc4 Ne5 23. Rf4 f5 24. Kh1 b5 25. Bb3 Rd6 26. Qd4 Qe7 27. Rf1 Nf3 28.
Bxd6 Qxd6 29. Qc5 Qxh2# 0-1

[Event "Open de la Loire 2012-2013"]
[Site "Loire"]
[Date "2013.02.16"]
[Round "7.4"]
[White "Liogier, Pascal"]
[Black "Campoy, Juan"]
[Result "1/2-1/2"]
[WhiteElo "1630"]
[BlackElo "1560"]
[PlyCount "96"]
[EventDate "2013.??.??"]

1. d4 d5 2. Nc3 e6 3. Nf3 Nf6 4. Bf4 Bd7 5. Ne5 Nc6 6. e3 a6 7. a3 Be7 8. Be2
O-O 9. O-O h6 10. Qd3 Nh7 11. e4 Nxe5 12. Bxe5 Bc6 13. Qg3 Bf6 14. Bxf6 Nxf6
15. e5 Ne4 16. Qd3 Qd7 17. f4 Nxc3 18. bxc3 Bb5 19. Qf3 Bxe2 20. Qxe2 Qb5 21.
Qh5 Qb2 22. Qd1 Qxc3 23. Rf3 Qc6 24. Rg3 f6 25. c3 Qd7 26. Qh5 Kh8 27. Qg6 Qf7
28. Rf1 Rac8 29. Qd3 f5 30. Qd1 c5 31. Rff3 Qc7 32. Rg6 cxd4 33. cxd4 Qc1 34.
Qxc1 Rxc1+ 35. Kf2 Rc6 36. Rfg3 Rf7 37. Rb3 b5 38. Rb4 Kh7 39. Rg3 Rfc7 40. h3
Rc4 41. Rgb3 h5 42. h4 Kh6 43. Rxc4 Rxc4 44. Rb4 Rc3 45. a4 Rc4 46. Rxc4 bxc4
47. Ke2 a5 48. Kd2 g6 1/2-1/2

[Event "Open de la Loire 2012-2013"]
[Site "Loire"]
[Date "2013.02.16"]
[Round "7.5"]
[White "Peyssonneaux, Norbert"]
[Black "Rasle, Corentin"]
[Result "0-1"]
[WhiteElo "1550"]
[BlackElo "1630"]
[PlyCount "108"]
[EventDate "2013.??.??"]

1. e4 e6 2. Nf3 d5 3. Nc3 d4 4. Ne2 c5 5. c3 Nc6 6. cxd4 cxd4 7. Qa4 Bc5 8. b4
Bxb4 9. Nexd4 Qa5 10. Bb5 Qxa4 11. Bxa4 Bd7 12. Nxc6 Bxc6 13. Bxc6+ bxc6 14.
Rb1 Bc5 15. Rb7 Nf6 16. d3 Bb6 17. Ne5 O-O 18. Nxc6 Rfe8 19. Ne5 Ba5+ 20. Ke2
Rac8 21. Rxa7 Rc2+ 22. Kf3 Bb6 23. Rb7 Rxf2+ 24. Kg3 Bd4 25. Nf3 Bc5 26. Rc7
Rc2 27. Rb7 Rxa2 28. Bf4 Nh5+ 29. Kg4 Nxf4 30. Kxf4 Rxg2 31. Rc1 Bd6+ 32. e5
Be7 33. Rxe7 g5+ 34. Nxg5 Rxe7 35. Ne4 Rxh2 36. Rg1+ Kf8 37. Nf6 Rf2+ 38. Ke4
Rxf6 39. exf6 Ra7 40. Rg7 Ra4+ 41. d4 Ra1 42. Rxh7 Re1+ 43. Kd3 Rg1 44. Kc4 Rg6
45. Rh8+ Rg8 46. Rxg8+ Kxg8 47. d5 exd5+ 48. Kxd5 Kh7 49. Kd6 Kh6 50. Kd7 Kg5
51. Kd6 Kxf6 52. Kd5 Kf5 53. Kd4 Kf4 54. Kd3 Kf3 0-1

[Event "Open de la Loire 2012-2013"]
[Site "Loire"]
[Date "2013.02.16"]
[Round "7.6"]
[White "Acikgoz, Tuncay"]
[Black "Mazet, Christian"]
[Result "0-1"]
[WhiteElo "1630"]
[BlackElo "1639"]
[PlyCount "46"]
[EventDate "2013.??.??"]

1. d4 Nf6 2. Nf3 g6 3. c4 c6 4. g3 Bg7 5. Bg2 d5 6. cxd5 cxd5 7. O-O Nc6 8. Bf4
O-O 9. Nbd2 Re8 10. Rc1 Bd7 11. Nb3 b6 12. Re1 Nh5 13. e3 Nxf4 14. exf4 Rc8 15.
Ne5 e6 16. Re3 Qe7 17. Rec3 Nxe5 18. fxe5 Bh6 19. f4 Bf8 20. Rc7 Rxc7 21. Rxc7
Ra8 22. Qd3 Qd8 23. Rc1 Rc8 0-1

[Event "Open de la Loire 2012-2013"]
[Site "Loire"]
[Date "2013.02.16"]
[Round "7.7"]
[White "Bacyk, Bruno"]
[Black "Desassis, Jean-Francois"]
[Result "1-0"]
[WhiteElo "1499"]
[BlackElo "1640"]
[PlyCount "65"]
[EventDate "2013.??.??"]

1. c4 Nf6 2. g3 c5 3. Bg2 g6 4. Nf3 Bg7 5. d4 cxd4 6. Nxd4 Nc6 7. O-O Qb6 8.
Nxc6 bxc6 9. Nc3 O-O 10. Rb1 Bb7 11. Be3 Qa5 12. b4 Qc7 13. Qc1 d5 14. cxd5
cxd5 15. Bc5 Rad8 16. Qa3 a6 17. b5 Rfe8 18. bxa6 Ba8 19. Bb6 Qd6 20. Qa5 Rc8
21. Nb5 Qe5 22. Nc7 Rf8 23. Nxa8 Rxa8 24. Rfc1 Qxe2 25. a7 d4 26. Bxa8 Ng4 27.
Qe1 Qxe1+ 28. Rxe1 Rxa8 29. Bxd4 Bxd4 30. Rb8+ Rxb8 31. axb8=Q+ Kg7 32. Rxe7
Bxf2+ 33. Kg2 1-0

[Event "Open de la Loire 2012-2013"]
[Site "Loire"]
[Date "2013.02.16"]
[Round "7.8"]
[White "Joly, Christian"]
[Black "Guichard, Thomas"]
[Result "0-1"]
[WhiteElo "1640"]
[BlackElo "1499"]
[PlyCount "83"]
[EventDate "2013.??.??"]

1. d4 e6 2. Nf3 Nf6 3. e3 c5 4. c4 cxd4 5. exd4 b6 6. Bd3 Nc6 7. a3 Qc7 8. h3
Bb7 9. O-O Bd6 10. Be3 O-O-O 11. b4 Ne7 12. Nbd2 Nf5 13. c5 Bf4 14. cxb6 axb6
15. Rc1 Bc6 16. Bxf5 exf5 17. b5 Kb7 18. Bxf4 Qxf4 19. bxc6+ dxc6 20. Qc2 Rc8
21. Rfe1 Nd5 22. Nc4 b5 23. Rb1 Kc7 24. Nce5 f6 25. Nd3 Qd6 26. Rxb5 Qxa3 27.
Rxd5 g5 28. Re7+ Qxe7 29. Ra5 Ra8 30. Nb4 Qxb4 31. Rxf5 Ra1+ 32. Kh2 Qd6+ 33.
g3 Rha8 34. Rc5 R8a2 35. Qxh7+ Qd7 36. Qxd7+ Kxd7 37. Kg2 Rd1 38. Rf5 Ke7 39.
Rc5 Kf7 40. Rxc6 Rb1 41. Rc7+ Kg6 42. Rc6 0-1

[Event "Open de la Loire 2012-2013"]
[Site "Loire"]
[Date "2013.02.16"]
[Round "7.9"]
[White "Philip, Sylvain"]
[Black "Piper, Stephane"]
[Result "0-1"]
[WhiteElo "1560"]
[BlackElo "1636"]
[PlyCount "74"]
[EventDate "2013.??.??"]

1. d4 d5 2. c4 c6 3. Nc3 Nf6 4. e3 Bf5 5. Nf3 Nbd7 6. h3 Qc7 7. Nh4 Bg6 8. Nxg6
fxg6 9. Bd3 e5 10. O-O e4 11. Bc2 b6 12. Bb3 Bd6 13. cxd5 cxd5 14. Nxd5 Nxd5
15. Bxd5 Rc8 16. Bxe4 O-O 17. Bd2 Nf6 18. Bf3 Qe7 19. Qb3+ Kh8 20. Qd3 Bb4 21.
Bxb4 Qxb4 22. Rab1 Rc7 23. a3 Qa4 24. Rfc1 Rfc8 25. Rxc7 Rxc7 26. e4 Rc4 27. b3
Rxd4 28. Qc3 Qd7 29. Rc1 h5 30. e5 Ng8 31. Qe3 Ne7 32. Qg5 Qe6 33. g4 Qxb3 34.
Qxe7 Qxf3 35. Rc8+ Kh7 36. Qh4 Rd1+ 37. Kh2 Rh1# 0-1

[Event "Open de la Loire 2012-2013"]
[Site "Loire"]
[Date "2013.02.16"]
[Round "7.10"]
[White "Mialon, Franck"]
[Black "Minchilli, Franco"]
[Result "0-1"]
[WhiteElo "1390"]
[BlackElo "1620"]
[PlyCount "60"]
[EventDate "2013.??.??"]

1. e4 e5 2. f4 Bc5 3. Bc4 Nc6 4. Nf3 d6 5. c3 Qf6 6. d4 exd4 7. O-O Be6 8. Bxe6
fxe6 9. e5 dxe5 10. b4 Bd6 11. fxe5 Nxe5 12. Nxd4 Qg6 13. Nb5 Qd3 14. Qa4 Nc6
15. Nxd6+ cxd6 16. b5 Ne5 17. Bf4 Qc4 18. Qd1 Nd3 19. Bxd6 O-O-O 20. Nd2 Qxb5
21. Rb1 Qc6 22. Bg3 Nf6 23. Qb3 Nc5 24. Qc2 Rd7 25. Nc4 Nce4 26. Ne5 Qc5+ 27.
Kh1 Nxg3+ 28. hxg3 Qxe5 29. Rf4 Nh5 30. Rf3 Nxg3+ 0-1

[Event "Open de la Loire 2012-2013"]
[Site "Loire"]
[Date "2013.02.16"]
[Round "7.11"]
[White "Fournier, Gerald"]
[Black "Boeuf, Jeremy"]
[Result "1-0"]
[WhiteElo "1499"]
[BlackElo "1601"]
[PlyCount "109"]
[EventDate "2013.??.??"]

1. d4 Nf6 2. Nf3 g6 3. c4 c5 4. Nc3 Bg7 5. Bg5 O-O 6. Qd2 cxd4 7. Nxd4 Nc6 8.
Nf3 d6 9. Bh6 Bg4 10. Bxg7 Kxg7 11. h3 Bxf3 12. exf3 Rc8 13. h4 Nd7 14. h5 Rh8
15. Be2 Nce5 16. b3 Nf6 17. hxg6 Nxg6 18. O-O-O Qa5 19. Kb2 a6 20. g4 b5 21.
Qh6+ Kg8 22. Rc1 b4 23. Na4 Qe5+ 24. Kb1 Qxe2 25. Qh3 Nf4 26. Qh6 Qd3+ 27. Kb2
Qxf3 28. Qg5+ Kf8 29. Qf5 Nd3+ 30. Kb1 Qxf5 31. gxf5 Nxc1 32. Kxc1 d5 33. c5
Rg8 34. f3 Rg3 35. f4 Rg4 36. Rf1 h5 37. Kd2 h4 38. Ke3 h3 39. Rh1 Rg3+ 40. Kf2
Rg2+ 41. Kf3 Rxa2 42. Rxh3 Ra3 43. Rh8+ Kg7 44. Rxc8 Rxb3+ 45. Ke2 Ra3 46. Nb6
b3 47. Kd2 Ne4+ 48. Kc1 Ra5 49. c6 Rb5 50. Na4 Rb4 51. Nb2 Nd6 52. Rc7 Kf6 53.
Rd7 Rb5 54. Nd3 a5 55. Rxd6+ 1-0

[Event "Open de la Loire 2012-2013"]
[Site "Loire"]
[Date "2013.02.16"]
[Round "7.12"]
[White "Pradel, Philippe"]
[Black "Ben Habchi, Nordine"]
[Result "0-1"]
[WhiteElo "1570"]
[BlackElo "1430"]
[PlyCount "60"]
[EventDate "2013.??.??"]

1. e4 e6 2. d4 d5 3. Nd2 c5 4. exd5 exd5 5. Ngf3 Nf6 6. Bb5+ Nc6 7. O-O Be7 8.
Nb3 c4 9. Nbd2 O-O 10. c3 a6 11. Ba4 b5 12. Bc2 Bg4 13. h3 Bh5 14. Re1 Re8 15.
Nf1 Bd6 16. Ng3 Bxg3 17. fxg3 Rxe1+ 18. Qxe1 Bxf3 19. gxf3 Qd7 20. g4 Ne7 21.
Bg5 Re8 22. Bxf6 gxf6 23. Qh4 Ng6 24. Qxf6 Re2 25. Bxg6 hxg6 26. b3 Qc7 27. f4
a5 28. a4 cxb3 29. axb5 Qxc3 30. Qd8+ Kg7 0-1

[Event "Open de la Loire 2012-2013"]
[Site "Loire"]
[Date "2013.02.16"]
[Round "7.13"]
[White "Thizy, Nicolas"]
[Black "Legendre, Julien"]
[Result "0-1"]
[WhiteElo "1440"]
[BlackElo "1499"]
[PlyCount "108"]
[EventDate "2013.??.??"]

1. e4 e5 2. Nf3 Nc6 3. Nc3 Nf6 4. Bb5 d6 5. Nd5 Nxe4 6. Qe2 Nf6 7. Nxf6+ Qxf6
8. d4 Bd7 9. dxe5 Qe6 10. exd6 Qxe2+ 11. Bxe2 Bxd6 12. O-O O-O 13. c3 Rfe8 14.
Be3 b6 15. Rad1 f6 16. Bc4+ Be6 17. Bxe6+ Rxe6 18. Nd4 Nxd4 19. Rxd4 Bc5 20.
Rd3 Bxe3 21. fxe3 Rae8 22. Re1 c5 23. Kf2 f5 24. g3 g5 25. Kf3 Re4 26. Rd7 a5
27. Rd5 R4e5 28. Rd6 R8e6 29. Rd3 Kf7 30. Re2 h5 31. h3 Re4 32. a3 g4+ 33. hxg4
hxg4+ 34. Kf2 Kf6 35. b3 Kg5 36. Rd5 R4e5 37. c4 Rxd5 38. cxd5 Rd6 39. Rd2 Kf6
40. e4 fxe4 41. Ke3 Ke5 42. a4 Rxd5 43. Rf2 Rd3+ 44. Ke2 Rxb3 45. Rf4 Rxg3 46.
Rf2 c4 47. Kd1 e3 48. Ke2 exf2 49. Kxf2 Rf3+ 50. Ke2 Ke4 51. Ke1 g3 52. Kd2 g2
53. Ke1 Kd3 54. Kd1 Rf1# 0-1

[Event "Open de la Loire 2012-2013"]
[Site "Loire"]
[Date "2013.02.16"]
[Round "7.14"]
[White "Rogues, Jean-Luc"]
[Black "Barrandon, Georges"]
[Result "0-1"]
[WhiteElo "1410"]
[BlackElo "1380"]
[PlyCount "88"]
[EventDate "2013.??.??"]

1. d4 d5 2. c4 e6 3. Nc3 Nf6 4. Bf4 Bd6 5. Bxd6 Qxd6 6. c5 Qe7 7. Nf3 O-O 8. e3
Nc6 9. a3 b6 10. Bb5 Bb7 11. Qa4 Nb8 12. c6 Bc8 13. O-O Qd6 14. Ne5 Rd8 15. b4
a6 16. Bd3 Ne8 17. b5 a5 18. Qc2 g6 19. f4 Ng7 20. Qe2 Qe7 21. a4 Qd6 22. Qg4
Nf5 23. Qg5 Re8 24. Ng4 Qf8 25. Nf6+ Kg7 26. Nxe8+ Qxe8 27. Bxf5 exf5 28. Rfe1
Be6 29. Qg3 Qe7 30. Qf3 Qd6 31. h3 Nxc6 32. bxc6 Qxc6 33. Ne2 Qd6 34. g4 c5 35.
g5 c4 36. Rec1 Rc8 37. h4 Qb4 38. Nc3 Re8 39. Nxd5 Bxd5 40. Qxd5 Rxe3 41. Qxc4
Qd2 42. Rd1 Rg3+ 43. Kf1 Qg2+ 44. Ke1 Re3+ 0-1

[Event "Open de la Loire 2012-2013"]
[Site "Loire"]
[Date "2013.02.16"]
[Round "7.15"]
[White "Martin, Julien"]
[Black "Fauvin, David"]
[Result "1/2-1/2"]
[WhiteElo "1420"]
[BlackElo "1540"]
[PlyCount "42"]
[EventDate "2013.??.??"]

1. e4 e5 2. Nf3 Nc6 3. Nc3 Nf6 4. d4 exd4 5. Nxd4 Bb4 6. Nxc6 bxc6 7. Bd3 O-O
8. Bd2 Re8 9. O-O Bxc3 10. Bxc3 Nxe4 11. Bxe4 Rxe4 12. f3 Re8 13. Qd4 f6 14.
Rfe1 d5 15. Qc5 Bd7 16. b3 Qb8 17. Re7 Rxe7 18. Qxe7 Bf5 19. Re1 Qb6+ 20. Kh1
c5 21. Bd2 Qd6 1/2-1/2

[Event "Open de la Loire 2012-2013"]
[Site "Loire"]
[Date "2013.02.16"]
[Round "7.16"]
[White "Grischy, Quentin"]
[Black "Brachet, Gerard"]
[Result "0-1"]
[WhiteElo "1340"]
[BlackElo "1410"]
[PlyCount "78"]
[EventDate "2013.??.??"]

1. d4 d5 2. c4 dxc4 3. e4 e6 4. a3 Nf6 5. Nc3 a6 6. Nf3 b5 7. Be2 Bb7 8. Qc2 c5
9. O-O cxd4 10. Rd1 d3 11. Qb1 Nxe4 12. Ne5 Qb6 13. Be3 Bc5 14. Bxc5 Qxc5 15.
Ng4 dxe2 16. Nxe2 f5 17. b4 Qb6 18. Ne3 O-O 19. Qb2 Rf7 20. Qe5 Nd7 21. Qf4 g5
22. Qf3 Nc3 23. Qh5 Nxd1 24. Rxd1 g4 25. Qg5+ Rg7 26. Qf4 Rd8 27. Rd6 Qc7 28.
Rxe6 Qxf4 29. Nxf4 Nf8 30. Re5 Rg5 31. Ne6 Nxe6 32. Rxe6 f4 33. Nf1 c3 34. Re1
Rgd5 35. Rc1 Rd3 36. h3 gxh3 37. g3 Bg2 38. g4 Bxf1 39. Rxf1 Rd1 0-1

[Event "Open de la Loire 2012-2013"]
[Site "Loire"]
[Date "2013.02.16"]
[Round "7.17"]
[White "Niceto, Pierrick"]
[Black "Ferreira, Antoine"]
[Result "0-1"]
[WhiteElo "1160"]
[BlackElo "1099"]
[PlyCount "80"]
[EventDate "2013.??.??"]

1. e4 e5 2. Nf3 Nc6 3. Bc4 g6 4. d4 Bb4+ 5. c3 Bd6 6. Bg5 Nf6 7. Nh4 h6 8. Bxf6
Qxf6 9. Nf3 O-O 10. Qd2 g5 11. Na3 Bxa3 12. bxa3 Na5 13. dxe5 Qf4 14. Qd5 Nxc4
15. Qxc4 c6 16. O-O b5 17. Qc5 Qxe4 18. Rad1 Ba6 19. Rfe1 Qc2 20. Rxd7 Qxa2 21.
Qxc6 Qxa3 22. Qxh6 Qxc3 23. e6 g4 24. Re5 Qc1+ 25. Ne1 Qxh6 26. e7 Rfe8 27. Nd3
b4 28. h3 Bxd3 29. Rxd3 Qc1+ 30. Kh2 Qc7 31. Rde3 b3 32. R3e4 gxh3 33. Rg4+ Kh8
34. f4 Qc2 35. Reg5 f6 36. Rg7 Rg8 37. Rxg8+ Rxg8 38. Rxg8+ Kxg8 39. e8=Q+ Kg7
40. Qa4 Qxg2# 0-1

[Event "Open de la Loire 2012-2013"]
[Site "Loire"]
[Date "2013.02.16"]
[Round "7.18"]
[White "Allabrune, Guillaume"]
[Black "Poyet, Louis"]
[Result "1-0"]
[WhiteElo "1480"]
[BlackElo "1140"]
[PlyCount "37"]
[EventDate "2013.??.??"]

1. e4 e5 2. Nf3 Nc6 3. Bc4 Bc5 4. c3 Nf6 5. d4 exd4 6. e5 Ng4 7. cxd4 Bb4+ 8.
Nc3 d6 9. O-O dxe5 10. h3 Bxc3 11. bxc3 e4 12. Ng5 Be6 13. Nxe6 fxe6 14. Qxg4
Qe7 15. Bxe6 Nd8 16. Bc4 Rf8 17. Re1 Rf6 18. Bg5 Rg6 19. Rxe4 1-0

[Event "Open de la Loire 2012-2013"]
[Site "Loire"]
[Date "2013.02.16"]
[Round "7.19"]
[White "Daillere, Roland"]
[Black "Schuhmann, Alain"]
[Result "0-1"]
[WhiteElo "1350"]
[BlackElo "1640"]
[PlyCount "62"]
[EventDate "2013.??.??"]

1. d4 d5 2. Nf3 Bg4 3. e3 e6 4. Be2 Bd6 5. Nc3 Nf6 6. Nb5 O-O 7. Nxd6 Qxd6 8.
Ne5 Bxe2 9. Qxe2 Nbd7 10. Nxd7 Qxd7 11. c4 Rfe8 12. b3 Qc6 13. Bb2 dxc4 14. O-O
c3 15. Rac1 Qb6 16. Bxc3 Rac8 17. e4 c5 18. dxc5 Qxc5 19. Bxf6 Qxc1 20. Bb2 Qc2
21. Qxc2 Rxc2 22. Bd4 Rxa2 23. h3 e5 24. Be3 b6 25. Rd1 f6 26. b4 Rb2 27. Rd7
Rxb4 28. Rxa7 Rb8 29. g4 Rxe4 30. Kg2 b5 31. Kf3 Ra4 0-1

[Event "Open de la Loire 2012-2013"]
[Site "Loire"]
[Date "2013.02.16"]
[Round "7.20"]
[White "Sabatier, Baptiste"]
[Black "Bruyere, Jean Baptiste"]
[Result "1-0"]
[WhiteElo "1010"]
[BlackElo "1170"]
[PlyCount "23"]
[EventDate "2013.??.??"]

1. e4 e5 2. Nf3 Nc6 3. Bc4 Nf6 4. Ng5 d5 5. exd5 Nxd5 6. d4 exd4 7. Qe2+ Be7 8.
Qf3 Bxg5 9. Qe4+ Be6 10. O-O O-O 11. Bd3 Bxc1 12. Qxh7# 1-0

[Event "Open de la Loire 2012-2013"]
[Site "Loire"]
[Date "2013.02.16"]
[Round "7.21"]
[White "Choquelle, Jean"]
[Black "Lempereur, Theo"]
[Result "1-0"]
[WhiteElo "1180"]
[BlackElo "1240"]
[PlyCount "47"]
[EventDate "2013.??.??"]

1. c4 e5 2. Nc3 Bb4 3. g3 c5 4. Bg2 Nc6 5. e3 g5 6. Ne4 d6 7. Nf3 Bg4 8. Nexg5
Bxf3 9. Nxf3 e4 10. Nh4 Nf6 11. Bh3 Ne5 12. Nf5 Nxc4 13. Ng7+ Kf8 14. Nf5 Qd7
15. O-O Ne5 16. Kg2 Qc6 17. a3 Ba5 18. b3 Nd3 19. Qc2 Nxc1 20. Raxc1 Bb6 21.
Qc3 d5 22. Qe5 Re8 23. Qf4 Rg8 24. Qh6+ 1-0

[Event "Open de la Loire 2012-2013"]
[Site "Loire"]
[Date "2013.02.16"]
[Round "8.1"]
[White "Rann, Raphael"]
[Black "Bastien, Daniel"]
[Result "0-1"]
[WhiteElo "1660"]
[BlackElo "1760"]
[PlyCount "76"]
[EventDate "2013.??.??"]

1. e4 d6 2. d4 g6 3. Nc3 Bg7 4. Be3 Nf6 5. f3 O-O 6. Bc4 Nbd7 7. Qd2 Re8 8. h4
Nb6 9. Bb3 e6 10. O-O-O a5 11. a3 Nfd7 12. Bh6 c6 13. h5 Bxh6 14. Qxh6 Qf6 15.
hxg6 Qxg6 16. Qf4 e5 17. dxe5 Nxe5 18. Rh3 Bxh3 19. gxh3 h6 20. Nge2 Kh7 21.
Rg1 Qh5 22. Nd4 Rg8 23. Rf1 Qg5 24. Qxg5 hxg5 25. Nf5 Rad8 26. Ne2 d5 27. f4
gxf4 28. Rxf4 Ng6 29. Rg4 Nd7 30. Rg5 Nf6 31. Nfg3 Nh4 32. Rxg8 Rxg8 33. exd5
cxd5 34. c4 Nf3 35. Nh5 Rf8 36. Nhf4 Ng8 37. c5 Nh6 38. Bc2+ f5 0-1

[Event "Open de la Loire 2012-2013"]
[Site "Loire"]
[Date "2013.02.16"]
[Round "8.2"]
[White "Trottet, Francois"]
[Black "Buisson, Sebastien"]
[Result "0-1"]
[WhiteElo "1470"]
[BlackElo "1680"]
[PlyCount "60"]
[EventDate "2013.??.??"]

1. e4 c5 2. Nf3 d6 3. d4 cxd4 4. Nxd4 Nf6 5. Nc3 g6 6. f3 Bg7 7. Bb5+ Bd7 8.
Qd3 a6 9. Bc4 Nc6 10. Nxc6 Bxc6 11. O-O O-O 12. Be3 Nd7 13. Qd2 b5 14. Bd5 Rc8
15. Bh6 Bxh6 16. Qxh6 b4 17. Bxc6 Rxc6 18. Nd5 Rxc2 19. Qe3 Rxb2 20. Qd4 Rc2
21. Nxb4 Rc8 22. Nxa6 Qa5 23. Nb4 Ne5 24. Nd5 Nc6 25. Qb6 Qd2 26. Rf2 Qe3 27.
Rc1 e6 28. Nf4 Qa3 29. Rxc6 Rb8 30. Qc7 Rb1+ 0-1

[Event "Open de la Loire 2012-2013"]
[Site "Loire"]
[Date "2013.02.16"]
[Round "8.3"]
[White "Rasle, Corentin"]
[Black "Megnot, Philippe"]
[Result "1-0"]
[WhiteElo "1630"]
[BlackElo "1550"]
[PlyCount "123"]
[EventDate "2013.??.??"]

1. f4 Nf6 2. Nf3 d5 3. e3 Bf5 4. b3 e6 5. Bb2 Be7 6. Be2 Nbd7 7. Nc3 c6 8. O-O
O-O 9. Nh4 h6 10. Nxf5 exf5 11. Bf3 Qb6 12. Ne2 c5 13. Ng3 g6 14. Ne2 Ne4 15.
d3 Nef6 16. Kh1 Qe6 17. Qd2 Nb6 18. c4 dxc4 19. dxc4 Rad8 20. Qc3 Rd7 21. Rad1
Rfd8 22. Rxd7 Rxd7 23. Re1 Nc8 24. Ng3 Nd6 25. Kg1 Nde4 26. Bxe4 fxe4 27. Re2
Rd3 28. Qe5 Rd1+ 29. Nf1 Qxe5 30. Bxe5 Nd7 31. Bb2 Bf6 32. Bxf6 Nxf6 33. Rd2
Rxd2 34. Nxd2 Kf8 35. h3 Ke7 36. Kf2 Ke6 37. Nb1 g5 38. Nc3 a6 39. Ke2 gxf4 40.
exf4 h5 41. Kf2 Kf5 42. Ke3 h4 43. a3 b6 44. Na4 Nd7 45. Nc3 Nf6 46. a4 a5 47.
Nb5 Ke6 48. Nc3 Kf5 49. Ne2 Ne8 50. g4+ hxg3 51. Nxg3+ Kg6 52. Kxe4 Nc7 53. Ke5
Ne8 54. Kd5 Ng7 55. Kc6 f5 56. Kxb6 Ne6 57. Kxa5 Nxf4 58. Kb5 Nd3 59. Nxf5 Kxf5
60. a5 Ke5 61. a6 Nb4 62. a7 1-0

[Event "Open de la Loire 2012-2013"]
[Site "Loire"]
[Date "2013.02.16"]
[Round "8.4"]
[White "Campoy, Juan"]
[Black "Mazet, Christian"]
[Result "1/2-1/2"]
[WhiteElo "1560"]
[BlackElo "1639"]
[PlyCount "56"]
[EventDate "2013.??.??"]

1. e4 c5 2. d3 Nc6 3. Nf3 g6 4. Nc3 Bg7 5. Bd2 d6 6. Be2 Nf6 7. O-O a6 8. Rb1
O-O 9. a3 b5 10. Nd5 Nd4 11. Bc3 Nxe2+ 12. Qxe2 e5 13. Qe1 Be6 14. Ba5 Qc8 15.
Bc7 Qb7 16. Bxd6 Nxd5 17. Bxf8 Rxf8 18. exd5 Bxd5 19. Nd2 Bxg2 20. Qe3 Bxf1 21.
Nxf1 Qc6 22. c3 f5 23. Nd2 Re8 24. Nb3 c4 25. dxc4 Qxc4 26. Nd2 Qg4+ 27. Qg3
Qe2 28. Qe3 Qg4+ 1/2-1/2

[Event "Open de la Loire 2012-2013"]
[Site "Loire"]
[Date "2013.02.16"]
[Round "8.5"]
[White "Liogier, Pascal"]
[Black "Bacyk, Bruno"]
[Result "1-0"]
[WhiteElo "1630"]
[BlackElo "1499"]
[PlyCount "59"]
[EventDate "2013.??.??"]

1. d4 e6 2. Nc3 c5 3. e4 cxd4 4. Qxd4 Nc6 5. Qe3 Bb4 6. Bc4 Ne5 7. Qd4 Qc7 8.
Nf3 Bc5 9. Nb5 Qa5+ 10. Bd2 Bxd4 11. Bxa5 Nxc4 12. Nfxd4 Nxa5 13. Nc7+ Kd8 14.
Nxa8 b6 15. O-O-O Bb7 16. Nxb6 axb6 17. Rhe1 Nf6 18. f3 Ke7 19. Rd3 Rc8 20. Nb3
Nc4 21. Nd2 Na5 22. Ra3 Ne8 23. e5 Nc7 24. Ne4 Nb5 25. Rae3 Bd5 26. Nd6 Nxd6
27. exd6+ Kxd6 28. Rd3 Ke7 29. b3 b5 30. Rxd5 1-0

[Event "Open de la Loire 2012-2013"]
[Site "Loire"]
[Date "2013.02.16"]
[Round "8.6"]
[White "Ben Habchi, Nordine"]
[Black "Rasle, Jean-Michel"]
[Result "1-0"]
[WhiteElo "1430"]
[BlackElo "1660"]
[PlyCount "78"]
[EventDate "2013.??.??"]

1. Nf3 Nf6 2. b3 d5 3. Bb2 c5 4. d4 e6 5. e3 Nc6 6. Bd3 Be7 7. O-O Bd7 8. c4
Rc8 9. Nbd2 O-O 10. Re1 Re8 11. a3 Bd6 12. Qc2 Qe7 13. Ng5 Bxh2+ 14. Kf1 h6 15.
Nh3 Bb8 16. Ke2 a6 17. Rh1 e5 18. dxe5 Nxe5 19. Bxe5 Bxe5 20. Rag1 d4 21. e4 b5
22. f4 bxc4 23. Nxc4 Bb8 24. e5 Nd5 25. Kd2 Bxh3 26. gxh3 Nxf4 27. Bh7+ Kh8 28.
Rg4 Bxe5 29. Re1 Qc7 30. Qf5 g6 31. Bxg6 Nxg6 32. Nxe5 Rf8 33. Rxg6 fxg6 34.
Nxg6+ Kg7 35. Qg4 Rf2+ 36. Kd3 Rf3+ 37. Kc4 Rc3+ 38. Kd5 Rd8+ 39. Ke4 Qc6+ 1-0

[Event "Open de la Loire 2012-2013"]
[Site "Loire"]
[Date "2013.02.16"]
[Round "8.7"]
[White "Piper, Stephane"]
[Black "Peyssonneaux, Norbert"]
[Result "1/2-1/2"]
[WhiteElo "1636"]
[BlackElo "1550"]
[PlyCount "58"]
[EventDate "2013.??.??"]

1. e4 e5 2. Nc3 Bc5 3. Bc4 Nf6 4. Nf3 d6 5. O-O Nc6 6. d3 Bg4 7. Be3 Nd4 8.
Bxd4 Bxd4 9. h3 Bh5 10. Rb1 Bb6 11. Na4 Nd7 12. Nxb6 Nxb6 13. Bb3 Qf6 14. d4
O-O-O 15. dxe5 dxe5 16. Qe2 Rd6 17. Rbd1 Rhd8 18. Rxd6 Rxd6 19. Rd1 Bxf3 20.
gxf3 Qg5+ 21. Kf1 Rg6 22. Qb5 c6 23. Qc5 Nd7 24. Qxa7 Qg2+ 25. Ke2 Qxh3 26.
Bxf7 Rf6 27. Qa8+ Kc7 28. Qa5+ Kc8 29. Qa8+ Kc7 1/2-1/2

[Event "Open de la Loire 2012-2013"]
[Site "Loire"]
[Date "2013.02.16"]
[Round "8.9"]
[White "Legendre, Julien"]
[Black "Guichard, Thomas"]
[Result "1-0"]
[WhiteElo "1499"]
[BlackElo "1499"]
[PlyCount "73"]
[EventDate "2013.??.??"]

1. d4 e6 2. e3 d5 3. c3 Nf6 4. f4 Be7 5. Bd3 Nc6 6. Nf3 O-O 7. O-O h5 8. Ne5
Nxe5 9. fxe5 Ne4 10. Qxh5 g6 11. Qg4 b6 12. Nd2 Bb7 13. Nxe4 dxe4 14. Bxe4 Bxe4
15. Qxe4 Kg7 16. Bd2 Rh8 17. Qf3 Rf8 18. Qg4 Rh8 19. Rf3 Rh4 20. Qg3 Qh8 21.
Raf1 Rf8 22. h3 Rh5 23. e4 Bh4 24. Qh2 g5 25. Be1 g4 26. Rf4 Bxe1 27. Rxg4+ Kh6
28. Qf4+ Kh7 29. Rxe1 f6 30. Rh4 Kg6 31. Qg4+ Rg5 32. Rxh8 Rxg4 33. Rxf8 Rg3
34. Rxf6+ Kg5 35. Rxe6 Kf4 36. Rf6+ Kg5 37. Rf8 1-0

[Event "Open de la Loire 2012-2013"]
[Site "Loire"]
[Date "2013.02.16"]
[Round "8.10"]
[White "Barrandon, Georges"]
[Black "Acikgoz, Tuncay"]
[Result "0-1"]
[WhiteElo "1380"]
[BlackElo "1630"]
[PlyCount "108"]
[EventDate "2013.??.??"]

1. d4 d5 2. c4 dxc4 3. e4 e5 4. Nf3 exd4 5. Qxd4 Qxd4 6. Nxd4 Bc5 7. Be3 Nf6 8.
Nc3 Bb4 9. f3 O-O 10. Bxc4 c5 11. Nc2 Be6 12. Bxe6 fxe6 13. Nxb4 cxb4 14. Ne2
Rd8 15. Kf2 Nc6 16. Rhd1 e5 17. Rxd8+ Rxd8 18. Ke1 Rd3 19. Bf2 Ne8 20. Rd1
Rxd1+ 21. Kxd1 Nd6 22. Kc2 Kf7 23. b3 Ke6 24. Kd3 Nb5 25. g3 a6 26. f4 g6 27.
g4 exf4 28. Nxf4+ Kd6 29. Ne2 Ne5+ 30. Kd2 Nf3+ 31. Ke3 Ne5 32. Bg3 Nc3 33.
Bxe5+ Kxe5 34. Nxc3 bxc3 35. Kd3 c2 36. Kxc2 Kxe4 37. Kc3 Kf4 38. h3 Kg3 39. a4
Kxh3 40. g5 Kg4 41. Kc4 Kxg5 42. Kc5 h5 43. Kb6 h4 44. Kxb7 h3 45. Kxa6 h2 46.
b4 h1=Q 47. a5 Qd5 48. b5 Qa8+ 49. Kb6 Kf6 50. a6 Ke6 51. a7 Kd6 52. Ka6 Kc7
53. b6+ Kc6 54. b7 Qxb7+ 0-1